000 00915nam a22002897a 4500
001 BR8501840
003 BR-BrBNA
005 20230928092132.0
007 ta
008 230509b bl.||||| |||| 00| 0 por d
040 _aBR-BrBNA
_bpor
_cBiblioteca Nacional de Agricultura
041 _a(Por)
072 _aE20
_b/G514
090 _ E20 BR8501840
100 1 _aFranco Junior, C.F.
110 1 _aEscola Superior de Agricultura Luiz de Queiroz, Piracicaba, SP (Brasil)
_0Tese (Mestre em Agronomia)
245 1 _aContabilidade agricola: uma analise historica e empirica para o sudoeste brasileiro
260 3 _aPiracicaba, SP (Brasil):
_c1984.
300 _a138 p.
500 _a8 tables; Bibliography p. 120-128 (71 ref.); Summaries (Eng, Por)
650 _aCONTABILIDADE
650 _aSAO PAULO
650 _aPARANA
650 _aMINAS GERAIS
909 _a202309
_bLucia
_c55
_dLucia Elande
942 _cBK
999 _c37319
_d37319